[Event "64th ch-GRE 2014"]
[Site "Vrachati GRE"]
[Date "2014.12.03"]
[Round "1.1"]
[White "Kapnisis, Spyridon"]
[Black "Aggelis, Nikolaos"]
[Result "1-0"]
[WhiteTitle "GM"]
[BlackTitle "FM"]
[WhiteElo "2451"]
[BlackElo "2338"]
[WhiteFideId "4203445"]
[BlackFideId "4213220"]
[EventDate "2014.12.03"]

1. d4 Nf6 2. Nf3 g6 3. c4 Bg7 4. e3 O-O 5. Be2 d5 6. cxd5 Nxd5 7. e4 Nb6 8. O-O
Bg4 9. Nbd2 a5 10. h3 Be6 11. d5 Bc8 12. Nc4 Nxc4 13. Bxc4 c6 14. a4 cxd5 15.
exd5 Nd7 16. Re1 Nb6 17. Bb3 Qd6 18. Bg5 Re8 19. Qd2 Bd7 20. Bf4 Qb4 21. Qxb4
axb4 22. a5 Nc8 23. Rac1 Bxb2 24. Rc7 Rd8 25. d6 Nxd6 26. Rxe7 Be8 27. Ng5 h6
28. Bxd6 hxg5 29. Rxe8+ Rxe8 30. Bxf7+ Kh8 31. Bxe8 Rxe8 32. Rxb7 Bd4 33. Kf1
Rc8 34. Be5+ Kg8 35. Ke2 Rc1 36. Rc7 Bc5 1-0

[Event "64th ch-GRE 2014"]
[Site "Vrachati GRE"]
[Date "2014.12.03"]
[Round "1.2"]
[White "Kourkoulos-Arditis, Stamatis"]
[Black "Goumas, Georgios"]
[Result "1-0"]
[WhiteTitle "FM"]
[WhiteElo "2294"]
[BlackElo "2378"]
[WhiteFideId "4221990"]
[BlackFideId "4208935"]
[EventDate "2014.12.03"]

1. e4 c5 2. Nf3 d6 3. d4 cxd4 4. Nxd4 Nf6 5. Nc3 Nc6 6. Bg5 e6 7. Qd2 a6 8.
O-O-O Bd7 9. f4 b5 10. Bxf6 gxf6 11. Nxc6 Bxc6 12. f5 Qa5 13. Kb1 b4 14. Ne2
Bxe4 15. fxe6 fxe6 16. Nf4 Qe5 17. Bd3 f5 18. Bxe4 fxe4 19. Qxb4 d5 20. Qb6 Bd6
21. Qc6+ Ke7 22. Nxd5+ exd5 23. Rxd5 Qf6 24. Qb7+ Ke6 25. Rxd6+ Kxd6 26. Rd1+
Ke6 27. Qd7+ 1-0

[Event "64th ch-GRE 2014"]
[Site "Vrachati GRE"]
[Date "2014.12.03"]
[Round "1.3"]
[White "Malikentzos, Sotirios"]
[Black "Nikolaidis, Ioannis"]
[Result "1/2-1/2"]
[WhiteTitle "FM"]
[BlackTitle "GM"]
[WhiteElo "2395"]
[BlackElo "2559"]
[WhiteFideId "4215079"]
[BlackFideId "4202139"]
[EventDate "2014.12.03"]

1. Nf3 c5 2. c4 g6 3. Nc3 Bg7 4. g3 Nc6 5. Bg2 d6 6. O-O Qd7 7. a3 b6 8. b4 Bb7
9. Rb1 Bxc3 10. dxc3 Nf6 11. a4 Ne4 12. Qd3 f5 13. a5 bxa5 14. b5 Nd8 15. Ra1
Qc7 16. Ra4 Nf7 17. Bb2 a6 18. Rfa1 axb5 19. cxb5 d5 20. c4 d4 21. Qa3 Ned6 22.
Bc1 e5 23. Bd2 e4 24. Ng5 Nxg5 25. Bxg5 O-O 26. Bf4 Qb6 27. Qc1 Nf7 28. Qe1 e3
29. Rxa5 Bxg2 30. Kxg2 Rxa5 31. Qxa5 1/2-1/2

[Event "64th ch-GRE 2014"]
[Site "Vrachati GRE"]
[Date "2014.12.03"]
[Round "1.4"]
[White "Stathopoulos, Ioannis"]
[Black "Mastrovasilis, Athanasios"]
[Result "1/2-1/2"]
[WhiteTitle "FM"]
[BlackTitle "GM"]
[WhiteElo "2271"]
[BlackElo "2521"]
[WhiteFideId "4223098"]
[BlackFideId "4201990"]
[EventDate "2014.12.03"]

1. d4 Nf6 2. c4 e6 3. Nf3 d5 4. Nc3 c6 5. e3 Nbd7 6. Qc2 b6 7. Bd3 Ba6 8. b3 Bb4
9. O-O Rc8 10. Bb2 O-O 11. Qe2 Bxc3 12. Bxc3 c5 13. Rac1 cxd4 14. exd4 dxc4 15.
bxc4 Qc7 16. Bb4 Rfd8 17. Rfd1 Bb7 18. Ne5 Nxe5 19. dxe5 Qc6 20. f3 Ne8 21. Qf2
Qa4 22. a3 Rxc4 23. Rb1 Rd5 24. Qe3 Qd7 25. Rd2 Rh4 26. Rbd1 a5 27. Bc3 Qc7 28.
g3 Ra4 29. Bb2 g6 30. Be2 Ng7 31. Rc1 1/2-1/2

[Event "64th ch-GRE 2014"]
[Site "Vrachati GRE"]
[Date "2014.12.03"]
[Round "1.5"]
[White "Kotronias, Vasilios"]
[Black "Banikas, Hristos"]
[Result "1/2-1/2"]
[WhiteTitle "GM"]
[BlackTitle "GM"]
[WhiteElo "2566"]
[BlackElo "2637"]
[WhiteFideId "5900212"]
[BlackFideId "4202031"]
[EventDate "2014.12.03"]

1. d4 d5 2. c4 e6 3. Nf3 Nf6 4. Nc3 Be7 5. Bg5 h6 6. Bxf6 Bxf6 7. e3 O-O 8. Qc2
c5 9. dxc5 Qa5 10. O-O-O Na6 11. Nd4 dxc4 12. Bxc4 Nxc5 13. Kb1 Bd7 14. Ne4 Nxe4
15. Qxe4 Qb6 16. Rd2 Rfd8 17. Rhd1 Be8 18. f4 Ba4 19. Bb3 Bxd4 20. Bxa4 Bf6 21.
Bb3 Rxd2 22. Rxd2 Rd8 23. Rxd8+ Qxd8 24. Kc2 Qb6 25. g4 g5 26. f5 Qc7+ 27. Qc4
Qxc4+ 28. Bxc4 exf5 29. h3 fxg4 30. hxg4 Kg7 31. Bd5 b6 32. b3 Be7 33. e4 Bd6
34. Kd3 Kg6 35. Ke2 f6 36. Bc6 Kf7 37. Bd5+ Ke7 38. a4 Bc5 39. Kf3 Kd6 40. Bg8
Ke5 41. Bf7 Kd4 1/2-1/2

[Event "64th ch-GRE 2014"]
[Site "Vrachati GRE"]
[Date "2014.12.04"]
[Round "2.1"]
[White "Aggelis, Nikolaos"]
[Black "Banikas, Hristos"]
[Result "1/2-1/2"]
[WhiteTitle "FM"]
[BlackTitle "GM"]
[WhiteElo "2338"]
[BlackElo "2637"]
[WhiteFideId "4213220"]
[BlackFideId "4202031"]
[EventDate "2014.12.03"]

1. d4 Nf6 2. Nf3 g6 3. Bg5 Bg7 4. Nbd2 O-O 5. c3 d6 6. e3 Qe8 7. Bd3 e5 8. Qc2
Nc6 9. O-O h6 10. Bh4 Nh5 11. dxe5 dxe5 12. e4 Nf4 13. Rfe1 Nxd3 14. Qxd3 Be6
15. Nc4 f6 16. Qe2 Qf7 17. Nfd2 Rfd8 18. a4 Rd7 19. Ne3 Rad8 20. Red1 h5 21. f3
Bh6 22. Ndf1 Rxd1 23. Rxd1 Rxd1 24. Qxd1 Bb3 25. Qd3 Be6 26. b4 Kg7 27. Nd5 Bxd5
28. exd5 Ne7 29. c4 a6 30. Bf2 Qe8 31. d6 1/2-1/2

[Event "64th ch-GRE 2014"]
[Site "Vrachati GRE"]
[Date "2014.12.04"]
[Round "2.2"]
[White "Mastrovasilis, Athanasios"]
[Black "Kotronias, Vasilios"]
[Result "0-1"]
[WhiteTitle "GM"]
[BlackTitle "GM"]
[WhiteElo "2521"]
[BlackElo "2566"]
[WhiteFideId "4201990"]
[BlackFideId "5900212"]
[EventDate "2014.12.03"]

1. d4 d5 2. Nf3 Nc6 3. Bf4 Bg4 4. e3 e6 5. Nbd2 Bd6 6. c3 Nge7 7. Be2 Ng6 8.
Bxd6 cxd6 9. O-O Nge7 10. e4 O-O 11. Re1 h6 12. h3 Bh5 13. Nh4 Bxe2 14. Qxe2 b5
15. Qh5 dxe4 16. Nxe4 Nd5 17. Nf3 Rb8 18. Nfd2 Nce7 19. Qf3 Nf5 20. Ng3 Nh4 21.
Qe4 Kh8 22. Nf3 Ng6 23. Nh5 Re8 24. Qc2 Qd7 25. Nh2 f5 26. Nf1 Qf7 27. Ne3 Nde7
28. Nf1 f4 29. Qe2 Nf5 30. Qg4 e5 31. Nd2 exd4 32. Nxf4 Ne5 33. Qh5 g6 34. Qd1
dxc3 35. Ne4 cxb2 36. Rb1 Nc4 37. Qg4 Kh7 38. Nd5 Re6 39. Qf4 Rf8 40. f3 Qg7 41.
Kh1 Re5 42. Rbd1 Rxd5 43. Rxd5 Nfe3 44. Qh4 Nxd5 45. Ng5+ Kg8 46. Ne6 Qf6 0-1

[Event "64th ch-GRE 2014"]
[Site "Vrachati GRE"]
[Date "2014.12.04"]
[Round "2.3"]
[White "Nikolaidis, Ioannis"]
[Black "Stathopoulos, Ioannis"]
[Result "1-0"]
[WhiteTitle "GM"]
[BlackTitle "FM"]
[WhiteElo "2559"]
[BlackElo "2271"]
[WhiteFideId "4202139"]
[BlackFideId "4223098"]
[EventDate "2014.12.03"]

1. c4 Nf6 2. Nc3 g6 3. d4 Bg7 4. e4 d6 5. Nge2 Nbd7 6. Ng3 e5 7. d5 a5 8. Bd3 h5
9. Nge2 Nc5 10. Bc2 c6 11. O-O cxd5 12. exd5 Nfd7 13. Be3 O-O 14. Qd2 f5 15. f3
Re8 16. Kh1 Nb6 17. b3 Bd7 18. g4 hxg4 19. fxg4 Rf8 20. gxf5 gxf5 21. Ng3 e4 22.
Nh5 Be5 23. Bd4 Qe7 24. Qh6 Qh7 25. Rg1+ Kh8 26. Bxe5+ dxe5 27. Qxb6 Qxh5 28.
Bd1 Qh3 29. Qxc5 Rg8 30. Be2 Rxg1+ 31. Rxg1 Rg8 32. Nd1 f4 33. Qe7 1-0

[Event "64th ch-GRE 2014"]
[Site "Vrachati GRE"]
[Date "2014.12.04"]
[Round "2.4"]
[White "Goumas, Georgios"]
[Black "Malikentzos, Sotirios"]
[Result "1/2-1/2"]
[BlackTitle "FM"]
[WhiteElo "2378"]
[BlackElo "2395"]
[WhiteFideId "4208935"]
[BlackFideId "4215079"]
[EventDate "2014.12.03"]

1. e4 e5 2. Nf3 Nf6 3. Nxe5 d6 4. Nf3 Nxe4 5. d4 d5 6. Bd3 Nc6 7. O-O Bg4 8. c4
Nf6 9. Nc3 Bxf3 10. Qxf3 Nxd4 11. Qh3 dxc4 12. Bxc4 Be7 13. Bg5 O-O 14. Rfe1 Qd6
15. Bd3 h6 16. Rxe7 Qxe7 17. Nd5 Qe5 18. Nxf6+ gxf6 19. Bxh6 f5 20. Bxf8 Rxf8
21. Qg3+ Qxg3 22. fxg3 Re8 23. Kf2 c5 24. Re1 Rxe1 25. Kxe1 Kg7 26. Kd2 Kf6 27.
Ke3 Nc6 28. h4 Ne5 29. Be2 b6 30. b3 Nc6 31. g4 fxg4 32. Bxg4 Nb4 33. a4 Ke5 34.
Kd2 Nc6 35. h5 Kf6 36. h6 Kg6 37. Bh5+ Kxh6 38. Bxf7 Kg5 39. Bd5 Ne7 40. Bf3 Nf5
41. Kd3 Nd6 42. Ke3 Nf5+ 43. Ke4 Nd4 44. Bd1 a5 45. Ke5 Kh4 46. g4 Kg5 47. Kd6
Kf4 48. Kd5 Kg5 49. Ke5 Nc6+ 50. Kd6 Nd4 51. Kc7 b5 52. Kd6 Nxb3 53. axb5 a4 54.
Kd5 Nd4 55. Bxa4 1/2-1/2

[Event "64th ch-GRE 2014"]
[Site "Vrachati GRE"]
[Date "2014.12.04"]
[Round "2.5"]
[White "Kapnisis, Spyridon"]
[Black "Kourkoulos-Arditis, Stamatis"]
[Result "1-0"]
[WhiteTitle "GM"]
[BlackTitle "FM"]
[WhiteElo "2451"]
[BlackElo "2294"]
[WhiteFideId "4203445"]
[BlackFideId "4221990"]
[EventDate "2014.12.03"]

1. d4 Nf6 2. c4 e6 3. Nf3 b6 4. g3 Ba6 5. b3 Bb4+ 6. Bd2 Be7 7. Nc3 d5 8. cxd5
exd5 9. Bg2 O-O 10. O-O c6 11. Ne5 Nfd7 12. Nxd7 Nxd7 13. Re1 f5 14. Qc2 Rc8 15.
a4 Bb7 16. a5 bxa5 17. Rec1 Bb4 18. Na4 Qf6 19. Bxb4 axb4 20. e3 f4 21. gxf4 Qh4
22. Nc5 Nxc5 23. Qxc5 a6 24. Qxb4 Rf7 25. Qd6 Rcf8 26. Qe6 g5 27. Qh3 Qxh3 28.
Bxh3 Rf6 29. fxg5 Rxf2 30. Rf1 Rb2 31. Be6+ Kg7 32. Rxf8 Kxf8 33. Rf1+ Ke8 34.
Bf5 Rxb3 35. Bxh7 Rxe3 36. g6 Re7 37. h4 Bc8 38. h5 Re4 39. Rf6 Bd7 40. Kf2 Rg4
41. h6 Ke7 42. Rf7+ Ke6 43. Rxd7 1-0

[Event "64th ch-GRE 2014"]
[Site "Vrachati GRE"]
[Date "2014.12.05"]
[Round "3.1"]
[White "Kourkoulos-Arditis, Stamatis"]
[Black "Aggelis, Nikolaos"]
[Result "0-1"]
[WhiteTitle "FM"]
[BlackTitle "FM"]
[WhiteElo "2294"]
[BlackElo "2338"]
[WhiteFideId "4221990"]
[BlackFideId "4213220"]
[EventDate "2014.12.03"]

1. e4 e5 2. Nf3 Nc6 3. Bb5 a6 4. Ba4 Nf6 5. d3 d6 6. c3 g6 7. O-O Bg7 8. Nbd2
O-O 9. Re1 Nb8 10. d4 Nbd7 11. Nf1 b5 12. Bb3 Bb7 13. Ng3 c5 14. a4 Qc7 15. Qe2
c4 16. Bc2 Rfe8 17. d5 Nc5 18. Be3 Nfd7 19. Nd2 Nb6 20. a5 Nbd7 21. f3 Rac8 22.
Qf2 Ba8 23. Ne2 Nb7 24. g4 Ndc5 25. g5 Qd8 26. Kg2 Nxa5 27. h4 Bb7 28. Rh1 Nab3
29. Bxb3 Nxb3 30. Nxb3 cxb3 31. Nc1 b4 32. Nxb3 bxc3 33. Na5 Ba8 34. bxc3 Rxc3
35. Qd2 Rc8 36. Qd3 f5 37. Nc4 fxe4 38. fxe4 Bb7 39. Rab1 Qd7 40. Kg3 Rc7 41.
Nb6 Qd8 42. h5 Rf8 43. h6 Rf4 44. Bxf4 Rc3 45. Qxc3 exf4+ 46. Kh4 Bxc3 47. Na4
Bd4 48. Rhf1 Qd7 49. Rxf4 Bc8 0-1

[Event "64th ch-GRE 2014"]
[Site "Vrachati GRE"]
[Date "2014.12.05"]
[Round "3.2"]
[White "Malikentzos, Sotirios"]
[Black "Kapnisis, Spyridon"]
[Result "1-0"]
[WhiteTitle "FM"]
[BlackTitle "GM"]
[WhiteElo "2395"]
[BlackElo "2451"]
[WhiteFideId "4215079"]
[BlackFideId "4203445"]
[EventDate "2014.12.03"]

1. Nf3 g6 2. c4 Bg7 3. Nc3 d6 4. g3 f5 5. d4 Nf6 6. Bg2 O-O 7. O-O c6 8. Qb3 h6
9. Rd1 Na6 10. Rb1 Kh8 11. Qa3 Nc7 12. d5 c5 13. Qa4 Bd7 14. Qc2 b5 15. Nh4 Qe8
16. cxb5 Nxb5 17. Nxb5 Bxb5 18. Re1 Qf7 19. b3 Rac8 20. Bb2 c4 21. b4 Ng4 22.
Bxg7+ Kxg7 23. h3 Nf6 24. Qc3 Kh7 25. Qd4 Rc7 26. Rbc1 a6 27. f4 Nh5 28. Kh2 Qf6
29. Qb6 Rcc8 30. e4 fxe4 31. Rxe4 Rf7 32. Rce1 Rcf8 33. Re6 Qc3 34. R1e3 Qd2 35.
Nxg6 Rg8 36. Re2 Qd3 37. R2e3 Qd2 38. f5 Rxf5 39. Nh4 Nxg3 40. Rxe7+ Kh8 41.
Rxg3 Rxg3 42. Qd8+ Rg8 43. Ng6# 1-0

[Event "64th ch-GRE 2014"]
[Site "Vrachati GRE"]
[Date "2014.12.05"]
[Round "3.3"]
[White "Stathopoulos, Ioannis"]
[Black "Goumas, Georgios"]
[Result "1-0"]
[WhiteTitle "FM"]
[WhiteElo "2271"]
[BlackElo "2378"]
[WhiteFideId "4223098"]
[BlackFideId "4208935"]
[EventDate "2014.12.03"]

1. d4 d5 2. c4 dxc4 3. Nf3 Nf6 4. e3 e6 5. Bxc4 a6 6. O-O b5 7. Bb3 Bb7 8. a4
Nbd7 9. Qe2 c5 10. Nbd2 Qb6 11. Bc2 cxd4 12. exd4 Be7 13. Bd3 b4 14. Nc4 Qa7 15.
Bg5 h6 16. Bh4 O-O 17. Rfd1 Rfd8 18. Nfe5 a5 19. Ng6 Bf8 20. Nce5 fxg6 21. Nxd7
Rxd7 22. Bxf6 gxf6 23. Qxe6+ Rf7 24. Bxg6 Bc8 25. Qd5 Rb8 26. Rd3 Qd7 27. Bxf7+
Qxf7 28. Rg3+ Bg7 29. Qd8+ Qf8 30. Rxg7+ Kxg7 31. Qc7+ Bd7 32. Qxd7+ Qf7 33. Qf5
Rd8 34. Qxa5 Rxd4 35. h3 Qd7 36. Qh5 Rd2 37. b3 Rb2 38. Qf3 Qf7 39. Qg4+ Kh7 40.
Qxb4 Rxb3 41. Qe1 f5 42. a5 Qg7 43. a6 Rf3 44. a7 Rxf2 45. Kxf2 Qd4+ 46. Kf1 1-0

[Event "64th ch-GRE 2014"]
[Site "Vrachati GRE"]
[Date "2014.12.05"]
[Round "3.4"]
[White "Banikas, Hristos"]
[Black "Mastrovasilis, Athanasios"]
[Result "1/2-1/2"]
[WhiteTitle "GM"]
[BlackTitle "GM"]
[WhiteElo "2637"]
[BlackElo "2521"]
[WhiteFideId "4202031"]
[BlackFideId "4201990"]
[EventDate "2014.12.03"]

1. d4 d5 2. c4 c6 3. Nc3 Nf6 4. e3 e6 5. Nf3 Nbd7 6. Bd3 dxc4 7. Bxc4 b5 8. Bd3
b4 9. Ne4 Nxe4 10. Bxe4 Bb7 11. O-O Bd6 12. Nd2 Qc7 13. h3 c5 14. Bxb7 Qxb7 15.
Nc4 Be7 16. dxc5 O-O 17. a3 Nxc5 18. Na5 Qb5 19. axb4 Nd3 20. Bd2 Bxb4 21. Bxb4
Nxb4 22. Qa4 Rab8 23. Qxb5 Rxb5 24. Nc4 a6 25. Rfd1 h6 26. e4 Rc5 27. b3 Rb5 28.
Rd6 Rc8 29. Ra4 Rc7 30. Kh2 Kh7 31. Ra1 Nc2 32. Ra2 Nb4 33. Ra4 Nc2 34. Rd2 Nb4
35. f3 Rb8 36. Ra5 Rb5 37. Ra4 Rb8 38. h4 h5 39. Kg3 Nc6 40. Ra3 Nb4 41. Ra4 Nc6
42. Rxa6 1/2-1/2

[Event "64th ch-GRE 2014"]
[Site "Vrachati GRE"]
[Date "2014.12.05"]
[Round "3.5"]
[White "Kotronias, Vasilios"]
[Black "Nikolaidis, Ioannis"]
[Result "1-0"]
[WhiteTitle "GM"]
[BlackTitle "GM"]
[WhiteElo "2566"]
[BlackElo "2559"]
[WhiteFideId "5900212"]
[BlackFideId "4202139"]
[EventDate "2014.12.03"]

1. e4 c5 2. Nf3 e6 3. d4 cxd4 4. Nxd4 a6 5. Bd3 Nf6 6. O-O Qc7 7. Qe2 d6 8. c4
g6 9. Nc3 Bg7 10. Rd1 O-O 11. Nf3 Nc6 12. h3 Nd7 13. Be3 Nde5 14. Rac1 Bd7 15.
Nxe5 dxe5 16. Nd5 exd5 17. cxd5 Rac8 18. dxc6 Bxc6 19. Bc4 b5 20. Bd5 Qb7 21.
Rc5 Bxd5 22. Rcxd5 Qe7 23. Rd6 Qb7 24. R1d5 Rc6 25. Rd7 Rc7 26. Qd3 h5 27. Bc5
Rfc8 28. b4 Kh7 29. g4 Rxd7 30. Rxd7 Rc7 31. Rxc7 Qxc7 32. gxh5 Qc6 33. hxg6+
fxg6 34. Kg2 Qf6 35. Be3 Bf8 36. Qd7+ Kg8 37. Qc8 Kh7 38. a3 Bg7 39. Qd7 Kg8 40.
Kg3 Kh7 41. h4 Kg8 42. Bg5 Qb6 43. h5 gxh5 44. Qe8+ Kh7 45. Qxh5+ Kg8 46. Qe8+
Kh7 47. Qf7 Qc6 48. Qf5+ Kg8 49. Kg4 Qc4 50. f3 Qa2 51. Bf6 Qg2+ 52. Kh5 Qh2+
53. Bh4 Qd2 54. Qe6+ Kh7 55. Qg6+ Kg8 56. Qxa6 Qd7 57. Qg6 Qh3 58. Qg4 1-0

[Event "64th ch-GRE 2014"]
[Site "Vrachati GRE"]
[Date "2014.12.06"]
[Round "4.1"]
[White "Aggelis, Nikolaos"]
[Black "Mastrovasilis, Athanasios"]
[Result "1/2-1/2"]
[WhiteTitle "FM"]
[BlackTitle "GM"]
[WhiteElo "2338"]
[BlackElo "2521"]
[WhiteFideId "4213220"]
[BlackFideId "4201990"]
[EventDate "2014.12.03"]

1. d4 Nf6 2. Nf3 d5 3. c4 dxc4 4. e3 e6 5. Bxc4 a6 6. O-O b5 7. Be2 Bb7 8. a4 b4
9. Ne5 c5 10. dxc5 Qc7 11. Bf3 Bxc5 12. Bxb7 Qxb7 13. Qf3 Qxf3 14. gxf3 Nbd7 15.
Nc4 O-O 16. Nbd2 Be7 17. b3 Nc5 18. Bb2 Rac8 19. Rac1 Rfd8 20. Bd4 Nd5 21. Bxc5
Rxc5 22. Ne4 Rcc8 23. Rc2 f5 24. Ned2 Bf6 25. Rfc1 Rc7 26. Kf1 Rcd7 27. Nb1 g5
28. Rd2 Bc3 29. Rdd1 Kg7 30. Ke2 Kf6 31. Kf1 h5 32. Ke2 Ke7 33. Na5 Rc8 34. Nc4
Rdc7 35. Kd3 Bf6 36. e4 Nf4+ 37. Ke3 Rc5 38. Rc2 Be5 39. Rg1 Rd8 40. Rd2 Rxd2
41. Nbxd2 Nh3 42. Rh1 Bb8 43. Ke2 Rc8 44. Re1 Kf6 45. Ne3 Nf4+ 46. Kf1 Rc3 47.
Rb1 Ba7 48. Ndc4 h4 49. a5 Bc5 50. Ke1 h3 51. Kf1 Rd3 52. Ke1 Rc3 53. Kd2 Bd4
54. Ke1 Nd3+ 55. Kd2 Bxe3+ 56. Nxe3 fxe4 57. Nd1 Rc5 58. Ke3 Rxa5 59. Kxe4 Rd5
60. Ke3 Nf4 61. Ra1 Kf5 62. Nb2 Re5+ 63. Kd4 Re2 64. Nc4 Rxf2 65. Ne3+ Kg6 66.
Ng4 Rd2+ 67. Kc4 Nd5 68. Rxa6 Kf5 69. Ra7 Rc2+ 70. Kd4 Rd2+ 71. Kc5 Kg6 72. Ne5+
Kf5 73. Ng4 Kg6 74. Ne5+ Kf5 1/2-1/2

[Event "64th ch-GRE 2014"]
[Site "Vrachati GRE"]
[Date "2014.12.06"]
[Round "4.2"]
[White "Nikolaidis, Ioannis"]
[Black "Banikas, Hristos"]
[Result "1/2-1/2"]
[WhiteTitle "GM"]
[BlackTitle "GM"]
[WhiteElo "2559"]
[BlackElo "2637"]
[WhiteFideId "4202139"]
[BlackFideId "4202031"]
[EventDate "2014.12.03"]

1. e4 e5 2. Nf3 Nc6 3. Bb5 a6 4. Ba4 Nf6 5. O-O Be7 6. Re1 b5 7. Bb3 d6 8. c3
O-O 9. h3 Re8 10. Ng5 Rf8 11. Nf3 Nb8 12. d4 Nbd7 13. Nbd2 Bb7 14. Bc2 Re8 15.
Nf1 Bf8 16. Ng3 g6 17. a4 c5 18. d5 c4 19. Bg5 h6 20. Be3 Nc5 21. Qd2 h5 22. Bg5
Be7 23. Bh6 Nfd7 24. Qe3 Bf6 25. Nf1 Nb6 26. N1d2 Bg7 27. Bxg7 Kxg7 28. axb5
axb5 29. Rxa8 Qxa8 30. Nh4 Qd8 31. Qg3 1/2-1/2

[Event "64th ch-GRE 2014"]
[Site "Vrachati GRE"]
[Date "2014.12.06"]
[Round "4.3"]
[White "Goumas, Georgios"]
[Black "Kotronias, Vasilios"]
[Result "1/2-1/2"]
[BlackTitle "GM"]
[WhiteElo "2378"]
[BlackElo "2566"]
[WhiteFideId "4208935"]
[BlackFideId "5900212"]
[EventDate "2014.12.03"]

1. e4 c5 2. Nf3 Nc6 3. Bb5 g6 4. Bxc6 bxc6 5. O-O Bg7 6. c3 Nf6 7. Re1 O-O 8. d4
d5 9. exd5 Qxd5 10. dxc5 Qxc5 11. Be3 Qb5 12. Qc1 Bg4 13. Nd4 Qd5 14. c4 Qd6 15.
Nc3 Rfd8 16. h3 e5 17. Nb3 Be6 18. Nc5 Qe7 19. N3e4 Nxe4 20. Nxe4 Bf5 21. Bh6
Bxe4 22. Bxg7 Kxg7 23. Rxe4 f5 24. Re3 Qf6 25. Qc3 e4 26. b4 Rd4 27. Rae1 Rad8
28. f3 Rd1 29. Qxf6+ Kxf6 30. fxe4 f4 31. Re2 Ke5 32. b5 c5 33. a4 R1d3 34. a5
Ra3 35. a6 Rc3 36. Rb2 Rxc4 37. b6 axb6 38. Rxb6 Rd2 39. Rb8 Ra2 40. Re8+ Kf6
41. e5+ Kg5 42. Rf8 Rcc2 43. a7 Rxg2+ 1/2-1/2

[Event "64th ch-GRE 2014"]
[Site "Vrachati GRE"]
[Date "2014.12.06"]
[Round "4.4"]
[White "Kapnisis, Spyridon"]
[Black "Stathopoulos, Ioannis"]
[Result "1-0"]
[WhiteTitle "GM"]
[BlackTitle "FM"]
[WhiteElo "2451"]
[BlackElo "2271"]
[WhiteFideId "4203445"]
[BlackFideId "4223098"]
[EventDate "2014.12.03"]

1. e4 c5 2. Nf3 d6 3. d4 cxd4 4. Nxd4 Nf6 5. Nc3 a6 6. Bg5 Nbd7 7. a4 h6 8. Bh4
g6 9. Be2 e5 10. Nb3 Be7 11. a5 O-O 12. O-O Qc7 13. Qd3 b5 14. axb6 Nxb6 15.
Bxf6 Bxf6 16. Nd2 Bb7 17. Nc4 Be7 18. Nxb6 Qxb6 19. Ra3 Kg7 20. Rb3 Qa7 21. Nd5
Bxd5 22. Qxd5 Rab8 23. Ra1 Rxb3 24. cxb3 Qd4 25. Qxd4 exd4 26. Rxa6 Rc8 27. Bc4
Rc5 28. Kf1 f5 29. exf5 Rxf5 30. b4 d5 31. Bd3 Rf6 32. Ra7 Kf8 33. b5 Bc5 34.
Rc7 Bd6 35. Rd7 Bxh2 36. Rxd5 Bg3 37. f3 Re6 38. Be4 Re5 39. Rxe5 Bxe5 40. Bxg6
Kg7 41. Be4 Kf6 42. Kf2 h5 43. g3 Bc7 44. Kg2 Kg7 45. Kh3 Kh6 46. b3 Kg7 47. Bd3
Kh6 48. f4 Kg7 49. g4 hxg4+ 50. Kxg4 Kf6 51. Kf3 Ke6 52. Ke4 Bb6 53. f5+ Kd6 54.
Bc4 Bd8 55. Kxd4 Bf6+ 56. Ke4 Bd8 57. Kf4 Bf6 58. Kg4 Bd8 59. Kh5 Ke5 60. Kg6
Be7 61. b6 1-0

[Event "64th ch-GRE 2014"]
[Site "Vrachati GRE"]
[Date "2014.12.06"]
[Round "4.5"]
[White "Kourkoulos-Arditis, Stamatis"]
[Black "Malikentzos, Sotirios"]
[Result "1-0"]
[WhiteTitle "FM"]
[BlackTitle "FM"]
[WhiteElo "2294"]
[BlackElo "2395"]
[WhiteFideId "4221990"]
[BlackFideId "4215079"]
[EventDate "2014.12.03"]

1. e4 e5 2. Nf3 Nf6 3. Nxe5 d6 4. Nf3 Nxe4 5. d4 d5 6. Bd3 Nc6 7. O-O Bg4 8. c4
Be7 9. Nc3 Nxc3 10. bxc3 dxc4 11. Bxc4 O-O 12. h3 Bf5 13. Re1 Bd6 14. Ng5 Qd7
15. Qf3 Bg6 16. Bd2 Qf5 17. Qxf5 Bxf5 18. g4 Bd7 19. Re2 Na5 20. Bd3 h6 21. Ne4
Be6 22. Nxd6 cxd6 23. Bf4 Rfd8 24. Rae1 Bc4 25. Bxc4 Nxc4 26. Re7 Rab8 27. Rc7
Nb6 28. c4 Na8 29. Rce7 Nb6 30. c5 Nd5 31. Bxd6 Nxe7 32. Bxb8 Nc6 33. Bd6 Nxd4
34. Re7 Nb5 35. Bf4 Nc3 36. Be5 Ne4 37. Rxb7 Rd5 38. Bf4 Rxc5 39. Rxa7 Rc2 40.
Be3 Nc3 41. a4 Nd5 42. Bd4 f6 43. Ra5 Nf4 44. Kh2 Kh7 45. Rf5 Nd3 46. a5 Ra2 47.
Bb6 Ne5 48. Bc7 Nc6 49. Kg2 Nd4 50. Rd5 Ne6 51. Bb8 Rb2 52. Bd6 Ra2 53. Kg3 Ng5
54. f3 Nf7 55. Bc7 Rc2 56. Rd7 Ne5 57. Bxe5 fxe5 58. Rd5 Re2 59. h4 Kg6 60. Rd6+
Kf7 61. g5 h5 62. Rd7+ Kg6 63. Re7 Kh7 64. Re6 Re1 65. Kf2 Rh1 66. Kg3 Re1 67.
Re7 Re2 68. a6 Kg6 69. Re6+ Kf5 70. Re7 Kg6 71. Re6+ Kf5 72. Rb6 Ra2 73. Rc6 Ra4
74. Rc7 Kg6 75. a7 Ra2 76. Rb7 Kh7 77. Rc7 Kg6 78. Re7 Kh7 79. Rxe5 Rxa7 80. Re6
Ra3 81. Kf4 Rb3 82. Re4 Kg6 83. Rd4 Rb8 84. Rd6+ Kh7 85. Ke5 Re8+ 86. Re6 Ra8
87. f4 Ra5+ 88. Ke4 Ra4+ 89. Kf3 Ra3+ 90. Re3 Ra5 91. Rd3 Ra4 92. Ke3 Kg6 93.
Rd5 Ra3+ 94. Ke4 Rh3 95. Rd6+ Kh7 96. Kf5 Ra3 97. Ke6 Re3+ 98. Kf7 Re4 99. Rh6+ 1-0

[Event "64th ch-GRE 2014"]
[Site "Vrachati GRE"]
[Date "2014.12.07"]
[Round "5.1"]
[White "Malikentzos, Sotirios"]
[Black "Aggelis, Nikolaos"]
[Result "1-0"]
[WhiteTitle "FM"]
[BlackTitle "FM"]
[WhiteElo "2395"]
[BlackElo "2338"]
[WhiteFideId "4215079"]
[BlackFideId "4213220"]
[EventDate "2014.12.03"]

1. d4 Nf6 2. c4 g6 3. g3 Bg7 4. Bg2 d5 5. cxd5 Nxd5 6. e4 Nb6 7. Ne2 c5 8. d5 e6
9. Nbc3 exd5 10. Nxd5 Nxd5 11. exd5 O-O 12. O-O Bg4 13. h3 Bxe2 14. Qxe2 Qb6 15.
Be3 Nd7 16. Rab1 Qd6 17. Qb5 b6 18. Bf4 Be5 19. Bxe5 Nxe5 20. f4 Nd7 21. Qc6
Qxc6 22. dxc6 Nf6 23. Rfe1 Rfe8 24. Rxe8+ Rxe8 25. Rd1 Rc8 26. Rd6 Kf8 27. g4
Ke7 28. Rd2 Rd8 29. Rf2 Ne8 30. h4 Rd4 31. Kh2 Nf6 32. Re2+ Kd6 33. Kg3 Nd5 34.
Re8 Nxf4 35. Bf3 Ne6 36. Rh8 Rd3 37. Rxh7 Nd8 38. h5 Nxc6 39. Rxf7 Ne5 40. Rf4
g5 41. Rf5 Ke6 42. h6 Nxf3 43. Rxf3 Rd1 44. Kg2 Rd2+ 45. Rf2 Rxf2+ 46. Kxf2 Kf6
47. a4 Kg6 48. Ke3 Kxh6 49. Kd3 Kg6 50. Kc4 Kf6 51. Kb5 Ke5 52. Ka6 Kd6 53. Kxa7
Kc6 54. Kb8 c4 55. Kc8 Kc5 56. Kc7 Kb4 57. Kxb6 Kb3 58. Kc5 1-0